[Event "GER Seniors Derby 14th"]
[Site "Wesel Undeloh"]
[Date "2015.04.16"]
[Round "4"]
[White "Goetz, Helmut"]
[Black "Baeumler, Nikolai"]
[Result "0-1"]
[WhiteElo "1447"]
[BlackElo "1623"]
[PlyCount "88"]
[EventDate "2015.04.15"]
[EventType "swiss"]
[EventRounds "9"]
[EventCountry "GER"]
[SourceTitle "EXT 2018"]
[Source "ChessBase"]
[SourceDate "2017.10.13"]
[SourceVersion "1"]
[SourceVersionDate "2017.10.13"]
[SourceQuality "1"]

1. e4 e5 2. Nf3 Nf6 3. Nc3 Bb4 4. Nd5 Nxd5 5. exd5 d6 6. a3 Bc5 7. b4 Bb6 8. c3 0-0 9. d3 Bg4 10. h3 Bh5 11. Bg5 f6 12. Bh4 Re8 13. g4 Bf7 14. c4 Nd7 15. Qc2 Bg6 16. Nd2 Bd4 17. Ra2 Re7 18. Bg2 Nf8 19. Kd1 Qd7 20. f3 Rae8 21. Ne4 h6 22. Rf1 Bh7 23. Nd2 Ng6 24. Bg3 Nf4 25. Nb3 Bxd3 26. Qd2 Qa4 27. Rb2 Bxb2 28. Qxb2 Nxg2 29. Rf2 Ne3+ 30. Kc1 Bxc4 31. Kd2 Nxd5 32. Na5 Ba6 33. Ke1 e4 34. f4 e3 35. Rc2 Bd3 36. Rc1 Re4 37. Rd1 Qb5 38. Qb3 Rd4 39. Qb2 Nxf4 40. Qb3+ Bc4 41. Nxc4 Qxc4 42. Qxc4+ Rxc4 43. Bxf4 Rxf4 44. Rd3 e2 0-1